000 00383nam a2200157Ia 4500
999 _c604
_d604
003 OSt
005 20190918145941.0
008 190722s9999 xx 000 0 und d
020 _a978-0-07-063432-9
040 _cmaju
100 _aMitchel E Schultz
245 0 _aGrobs Basic Electronics
260 _aNew Delhi
_bMC Graw Hill Education
_c2016
300 _a1150
942 _cBK
_2ddc